Tous les joueurs de Montpellier depuis 2010 - Statistiques

Statistiques générales
  • Ce quiz a été pris 16 fois
  • Le résultat moyen est 63 sur 150
Statistiques - réponses
Poste(s) Nationalité Saison(s) Réponse % Correct
Gardien France 2017-20192023- Benjamin Lecomte
100%
Milieu France 2019- Jordan Ferri
100%
Attaquant France 2010-2012 Olivier Giroud
100%
Milieu France 2019- Téji Savanier
100%
Attaquant Nigéria 2023- Akor Adams
89%
Attaquant Algérie 2018-2021 Andy Delort
89%
Attaquant France 2020-2023 Elye Wahi
89%
Défenseur Mali 2022- Falaye Sacko
89%
Attaquant France 2018-2021 Gaëtan Laborde
89%
Gardien Argentine 2019-2020 Gerónimo Rulli
89%
Défenseur Brésil 2011-2021 Vitorino Hilton
89%
Attaquant Tunisie 2022- Wahbi Khazri
89%
Gardien Sénégal 2022-2023 Bingourou Kamara
78%
Défenseur France 2012-2021 Daniel Congré
78%
Milieu France 2018-2022 Florent Mollet
78%
Gardien France 2006-2017 Geoffrey Jourdren
78%
Défenseur/milieu Guinée 2023- Issiaga Sylla
78%
Défenseur France 2017-2023 Nicolas Cozza
78%
Milieu Algérie 2015-2017 Ryad Boudebouz
78%
Attaquant Sénégal 2007-2020 Souleymane Camara
78%
Attaquant Angleterre 2020-2023 Stephy Mavididi
78%
Milieu Mali 2016-2017 Yacouba Sylla
78%
Attaquant France 2022- Arnaud Nordin
67%
Milieu Mali 2024- Birama Touré
67%
Milieu Tunisie 2014-2019 Ellyes Skhiri
67%
Défenseur Cameroun 2011-2013 Henri Bedimo
67%
Milieu France 2010-2016 Jonas Martin
67%
Milieu France 2016-2020 Killian Sanson
67%
Défenseur France 2021-2023 Mamadou Sakho
67%
Milieu France 2013-2017 Morgan Sanson
67%
Attaquant Jordanie 2023- Musa Al-Taamari
67%
Défenseur Portugal 2017-2023 Pedro Mendes
67%
Milieu Maroc 2009-2013 Younès Belhanda
67%
Défenseur/milieu France 2019-2023 Arnaud Souquet
56%
Défenseur Suisse 2023- Bećir Omeragić
56%
Défenseur Mali 2023- Boubakar Kouyaté
56%
Attaquant Tchad 2015-2018 Casimir Ninga
56%
Gardien RDC 2017- Dimitry Bertaud
56%
Défenseur Cameroun 2022- Enzo Tchato
56%
Défenseur France 2015-2018 Jérôme Roussillon
56%
Gardien Suisse 2020-2023 Jonas Omlin
56%
Milieu France 2019- Joris Chotard
56%
Milieu Afrique du Sud 2017-2021 Keagan Dolly
56%
Milieu Maroc 2022- Khalid Fayad
56%
Gardien France 2002-2018 Laurent Pionnier
56%
Attaquant Paraguay 2014-2015 Lucas Barrios
56%
Défenseur France 2006-2013 Mapou Yanga-Mbiwa
56%
Défenseur Uruguay 2019-2023 Mathias Suarez
56%
Défenseur Mali 2024- Modibo Sagnan
56%
Défenseur France 2017-2018 Nordi Mukiele
56%
Attaquant Serbie 2018-2021 Petar Škuletić
56%
Milieu Bénin 2016-2018 Stéphane Sességnon
56%
Milieu/attaquant France 2023- Tanguy Coulibaly
56%
Défenseur Maroc 2007-2015 Abdelhamid El Kaoutari
44%
Défenseur Cameroun 2018-2022 Ambroise Oyongo
44%
Défenseur France 2022- Christopher Jullien
44%
Défenseur France 2019-2022 Clément Vidal
44%
Défenseur Congo 2022-2023 Faitout Maouassa
44%
Milieu Suisse 2022- Gabriel Barès
44%
Attaquant Belgique 2017-2019 Isaac Mbenza
44%
Milieu Tunisie 2007-2016 Jamel Saihi
44%
Milieu Martinique 2008-2017 Joris Marveaux
44%
Attaquant France 2024- Junior Ndiaye
44%
Défenseur France 2018-2022 Junior Sambia
44%
Milieu France 2021-2024 Léo Leroy
44%
Défenseur France 2023- Lucas Mincarelli
44%
Défenseur Sénégal 2015-2017 Mamadou N'Diaye
44%
Attaquant Maroc 2024- Othmane Maama
44%
Milieu France 2024- Rabby Nzingoula
44%
Milieu France 2009-20142021-2022 Rémy Cabella
44%
Défenseur France 2017-2019 Ruben Aguilar
44%
Milieu France 2021-2024 Sacha Delaye
44%
Défenseur France 2022- Théo Sainte-Luce
44%
Attaquant France 2021-2023 Valère Germain
44%
Milieu France 2012-2015 Anthony Mounier
33%
Attaquant France 2019-2021 Bastian Badu
33%
Attaquant Congo 2020-2023 Béni Makouana
33%
Milieu Burkina Faso 2010-2016 Bryan Dabo
33%
Défenseur Bosnie 2009-2011 Emir Spahic
33%
Milieu Uruguay 2017-2019 Facundo Piriz
33%
Défenseur France 2008-2014 Garry Bocaly
33%
Attaquant Côte d’Ivoire 2017-2019 Giovanni Sio
33%
Gardien France 2011-2019 Jonathan Ligali
33%
Défenseur Maroc 2005-2015 Karim Aït-Fana
33%
Attaquant Italie 2023-2024 Kelvin Yeboah
33%
Milieu Chili 2010-2013 Marco Estrada
33%
Défenseur France 2011-2017 Mathieu Deplagne
33%
Gardien France 2020-2023 Matis Carvalho
33%
Défenseur France 2021-2024 Maxime Esteve
33%
Défenseur Serbie 2019-2022 Mihailo Ristić
33%
Défenseur Yougslavie(Serbie) 1997-20042007-2011 Nenad Džodić
33%
Attaquant États-Unis 2021-2022 Nicholas Gioacchini
33%
Défenseur Algérie 2015-2016 Ramy Bensebaïni
33%
Défenseur Côte d’Ivoire 2013-2015 Siaka Tiéné
33%
Défenseur Suisse 2024-2024 Silvan Hefti
33%
Milieu Serbie 2024- Stefan Džodić
33%
Attaquant Bénin 2014-2017 Steve Mounié
33%
Défenseur France 2023- Thibault Tamas
33%
Défenseur France 2019-2020 Thibaut Vargas
33%
Attaquant Colombie 2013-2015 Víctor Hugo Montaño
33%
Défenseur France 2015-2018 William Rémy
33%
Attaquant Algérie 2021-2024 Yanis Guermouche
33%
Milieu/attaquant France 2023- Yanis Issoufou
33%
Attaquant France 2023-2024 Yann Karamoh
33%
Milieu/attaquant Corée du Sud 2020-2021 Yun Il-lok
33%
Défenseur Belgique 2016-2017 Anthony Vanden Borre
22%
Défenseur/milieu France 2010-2014 Benjamin Stambouli
22%
Milieu France 2018-2020 Bilal Boutobba
22%
Défenseur France 2009-2013 Cyril Jeunechamp
22%
Attaquant Argentine 2012-2014 Emmanuel Herrera
22%
Attaquant France 2012-2013 Gaëtan Charbonnier
22%
Milieu France 2009-2012 Geoffrey Dernis
22%
Attaquant Nigéria 2011-2013 John Utaka
22%
Milieu/attaquant France 2017-2018 Jonathan Ikoné
22%
Attaquant France 2014-2018 Kevin Bérigaud
22%
Attaquant Sénégal 2013-2014 M'Baye Niang
22%
Défenseur Congo 2017-2019 Morgan Poaty
22%
Milieu France 2009-2013 Romain Pitau
22%
Milieu France 2024- Théo Chennahi
22%
Défenseur Brésil 2021-2022 Thuler
22%
Attaquant France 2018-2021 Yanis Ammour
22%
Attaquant France 2016-2017 Alexandre Llovet
11%
Milieu/attaquant France 2022- Axel Gueguin
11%
Défenseur Sénégal 2022-2023 Cheick Faye
11%
Milieu France 2018-2021 Damien Le Tallec
11%
Attaquant Comores 2013-2016 Djamel Bakar
11%
Défenseur Suisse 2014-2017 Dylan Gissi
11%
Attaquant France 2015-2016 Florian Sotoca
11%
Milieu France 2007-2012 Gregory Lacombe
11%
Attaquant Turquie 2010-2012 Hasan Kabze
11%
Attaquant/milieu Pérou 2013-2016 Jean Deza
11%
Milieu France 2011-2014 Jonathan Tinhan
11%
Défenseur République Tchèque 2017-2018 Lukáš Pokorný
11%
Attaquant Mali 2015-2016 Mustapha Yatabaré
11%
Défenseur Guadeloupe 2014-2017 Nicolas Saint-Ruf
11%
Milieu France 2014-2019 Paul Lasnes
11%
Milieu France 2016-2017 Pierrick Fito
11%
Milieu France 2020-2021 Samy Benchamma
11%
Attaquant Sénégal 2023-2024 Sérigné Faye
11%
Milieu France 2014-2016 Anthony Ribelin
0%
Attaquant Guinée 2008-2013 Bengali-Fodé Koïta
0%
Défenseur Congo 2017-2019 Bryan Passi
0%
Défenseur RDC 2016-2017 Cédric Mongongu
0%
Attaquant France 2017-2019 Jérémie Porsan-Clemente
0%
Attaquant France 2015-2016 Quentin Cornette
0%
Attaquant France 2007-2011 Romain Armand
0%
Milieu Suisse 2015-2016 Sébastien Wüthrich
0%
Défenseur France 2010-2014 Teddy Mézague
0%
Défenseur France 2008-2011 Xavier Collin
0%
Défenseur Maroc 2013-2015 Yassine Jebbour
0%
Aucun quiz correspondant
Distribution des résultats
% des personnes avec chaque résultat
Percentile par nombre de réponses
Votre historique - résultats
Vous n’avez pas pris ce quiz